000 00396 a2200157 4500
005 20250523144307.0
020 _a027303331 X
082 _a658. 785 JES
100 _aJESSOP, D.
245 _aStorage and Supply of Materials
250 _a6th Ed.
260 _aLondon.
_bPitman,
_c1986.
300 _avii, 317p.: ill.; figure, table.
_bIndex.
_c22cm.
700 _aMORRISON, A.
942 _2ddc
_cBKS
999 _c2579
_d2579